|
|
|
|
| LEADER |
00000cam a22000004a 4500 |
| 001 |
musev2_5780 |
| 003 |
MdBmJHUP |
| 005 |
20230905040702.0 |
| 006 |
m o d |
| 007 |
cr||||||||nn|n |
| 008 |
930909s1990 cc o 00 0 eng d |
| 010 |
|
|
|z 91162351
|
| 020 |
|
|
|a 9789882200500
|
| 020 |
|
|
|z 9789622092761
|
| 035 |
|
|
|a (OCoLC)669831380
|
| 040 |
|
|
|a MdBmJHUP
|c MdBmJHUP
|
| 043 |
|
|
|a a-hk---
|
| 050 |
0 |
4 |
|a TH113.H85
|b W35 1990
|
| 100 |
1 |
|
|a Walker, Anthony,
|d 1939-
|
| 245 |
1 |
4 |
|a The Building of Hong Kong :
|b Constructing Hong Kong Through the Ages /
|c Anthony Walker and Stephen M. Rowlinson.
|
| 264 |
|
1 |
|a Hong Kong :
|b Published for The Hong Kong Construction Association by Hong Kong University Press,
|c 1990.
|
| 264 |
|
3 |
|a Baltimore, Md. :
|b Project MUSE,
|c 2012
|
| 264 |
|
4 |
|c ©1990.
|
| 300 |
|
|
|a 1 online resource (224 pages):
|b ill. (some col.) ;
|
| 336 |
|
|
|a text
|b txt
|2 rdacontent
|
| 337 |
|
|
|a computer
|b c
|2 rdamedia
|
| 338 |
|
|
|a online resource
|b cr
|2 rdacarrier
|
| 500 |
|
|
|a Prepared for the 70th anniversary of the Hong Kong Construction Association.
|
| 588 |
|
|
|a Description based on print version record.
|
| 650 |
|
0 |
|a Buildings
|z China
|z Hong Kong.
|
| 650 |
|
0 |
|a Building
|z China
|z Hong Kong
|x History.
|
| 651 |
|
0 |
|a Hong Kong (China)
|x Buildings, structures, etc.
|
| 655 |
|
7 |
|a Electronic books.
|2 local
|
| 700 |
1 |
|
|a Rowlinson, Stephen M.
|
| 710 |
2 |
|
|a Hong Kong Construction Association.
|
| 710 |
2 |
|
|a Project Muse.
|e distributor
|
| 830 |
|
0 |
|a Book collections on Project MUSE.
|
| 856 |
4 |
0 |
|z Texto completo
|u https://projectmuse.uam.elogim.com/book/5780/
|
| 945 |
|
|
|a Project MUSE - Custom Collection
|
| 945 |
|
|
|a Project MUSE - Archive Complete Foundation
|
| 945 |
|
|
|a Project MUSE - Archive Political Science and Policy Studies Foundation
|
| 945 |
|
|
|a Project MUSE - Archive Asian and Pacific Studies Foundation
|